000 00830nam a2200229 a 4500
001 BRL_1454
005 20190320211220.0
008 150114s1955----au-aob####---#000-0#ger-#
041 _ager
044 _aau
050 4 _aGT1747
_b.M37 1955
245 1 0 _aMasken in Mitteleuropa
_bvolkskundliche Beiträge zur europäischen Maskenforschung : Anlässlich des sechzigjährigen Bestehens des Vereines für Volkskunde in Wien
_cherausgegeben von Leopold Schmidt.
260 _aWien
_c1955
300 _a253 p.
_bil., mapas, 27 láminas
_c24 cm.
440 0 _aSonderschriften des Vereines für Volkskunde in Wien
_v1
_926969
500 _aAu1798
650 1 4 _aMáscaras
_zEuropa
_926970
700 1 _aSchmidt, Leopold,
_d1912-1981
_eed.
_926971
710 2 _aVereines für Volkskunde in Wien
_926972
902 _aGRL
942 _2lcc
_cB
999 _c10264
_d10264